01326nam a2200301Ia 450000500170000000800390001702000180005610000300007424500910010425000220019530000620021749000450027952002270032453400160055165000570056765000550062465000350067965000350071465000330074970000320078270000270081426400490084133600270089033700330091733800280095004000350097808400110101320220317000453.0160315s2010 mx a g 000 1 spa a97896816376821 aWalsh, Ellen Stolld1942-10aPinta ratonesctexto e ilustraciones Ellen Stoll Walsh ; traducido por Gerardo Cabello aPrimera edición a[39] páginas sin enumerarbilustraciones a colorc18 cm aLos especiales de a la orilla del viento aTres ratoncitos blancos encuentran tres frascos de pintura -roja, azul y amarilla- y se ponen a jugar. Saltan, bailan y descubren cosas divertidas como el verde, el anaranjado y el morado. Pero nunca se olvidan del gato... tMouse paint142LEMBaÁlbumes infantiles estadounidensesySiglo XX142LEMBaLiteratura infantil estadounidenseySiglo XX142LEMBaColores en la literatura142LEMBaRatones en la literatura142LEMBaGatos en la literatura1 aCabello, Gerardoetraductor1 aGoldin, Danieleeditor aMéxicobFondo de Cultura Económicac2010 atextobtxt2rdacontent asin mediaciónbn2rdamedia avolumenbnc2rdacarrier aCO-BoRNBPbspaerdacCO-BoRNBP aA WAL1